[Event "GER-chT U12 Girls"]
[Site "Magdeburg"]
[Date "2023.12.30"]
[Round "7.10"]
[White "Kuhlmann, Naya"]
[Black "Prasannavenkatesan, Ananya"]
[Result "1-0"]
[WhiteElo "1005"]
[BlackElo "1045"]
[PlyCount "53"]
[EventDate "2023.12.26"]
[EventType "team-swiss"]
[EventRounds "7"]
[EventCountry "GER"]
[SourceTitle "CB03_2024"]
[SourceDate "2024.01.17"]
[SourceVersion "1"]
[SourceVersionDate "2024.01.17"]
[SourceQuality "1"]
[WhiteTeam "Graefenhainichen"]
[BlackTeam "Porz SG II"]
[WhiteTeamCountry "GER"]
[BlackTeamCountry "GER"]

1. e4 e5 2. Nf3 Nc6 3. Nc3 Nf6 4. Bc4 Nxe4 5. Bxf7+ Kxf7 6. Nxe4 Ke8 7. 0-0 d5 8. Ng3 e4 9. Ne1 Bd6 10. Qh5+ g6 11. Qxd5 Bxg3 12. Qxd8+ Kxd8 13. fxg3 Bf5 14. d3 exd3 15. cxd3 Re8 16. Bg5+ Kd7 17. Rd1 Re6 18. Nf3 Bg4 19. d4 Nb4 20. a3 Nd5 21. Ne5+ Kd6 22. Nxg4 h5 23. Ne5 Rae8 24. Rde1 c6 25. b4 b5 26. Rc1 a6 27. Rxc6# 1-0